IKSTメロディー使用駅(整理番号) - Statistics

General Stats
  • This quiz has been taken 47 times
    8 since last reset
  • The average score is 276 of 344
Answer Stats
Answer % Correct
羽沢横浜国大
100%
花巻
100%
一ノ関
100%
くりこま高原
100%
新白河
100%
宇都宮
100%
那須塩原
100%
大船
100%
盛岡
100%
いわき
100%
内郷
100%
100%
大津港
100%
水戸
100%
赤塚
100%
東海
100%
佐和
100%
勝田
100%
内原
100%
高浜
100%
久喜
100%
藤代
100%
ひたち野うしく
100%
三河島
100%
南千住
100%
松戸
100%
100%
取手
100%
東浦和
100%
目黒
100%
東神奈川
100%
新子安
100%
鶴見
100%
川崎
100%
大森
100%
大井町
100%
有楽町
100%
新橋
100%
浜松町
100%
田町
100%
品川
100%
大崎
100%
池袋
100%
渋谷
100%
五反田
100%
原宿
100%
新宿
100%
代々木
100%
新大久保
100%
田端
100%
西日暮里
100%
日暮里
100%
上野
100%
御徒町
100%
秋葉原
100%
神田
100%
上中里
100%
王子
100%
東十条
100%
赤羽
100%
川口
100%
西川口
100%
100%
南浦和
100%
浦和
100%
北浦和
100%
与野
100%
さいたま新都心
100%
大磯
100%
鴨宮
100%
早川
100%
根府川
100%
真鶴
100%
湯河原
100%
熱海
100%
来宮
100%
伊豆多賀
100%
網代
100%
板橋
100%
戸田公園
100%
戸田
100%
北戸田
100%
武蔵浦和
100%
中浦和
100%
南与野
100%
与野本町
100%
北与野
100%
西大宮
100%
指扇
100%
南古谷
100%
川越
100%
吉祥寺
100%
西荻窪
100%
荻窪
100%
中野
100%
東中野
100%
大久保
100%
千駄ケ谷
100%
信濃町
100%
四ツ谷
100%
飯田橋
100%
御茶ノ水
100%
浅草橋
100%
両国
100%
錦糸町
100%
亀戸
100%
平井
100%
新小岩
100%
小岩
100%
市川
100%
本八幡
100%
下総中山
100%
西船橋
100%
船橋
100%
東船橋
100%
津田沼
100%
幕張本郷
100%
幕張
100%
新検見川
100%
稲毛
100%
西千葉
100%
久里浜
100%
衣笠
100%
横須賀
100%
田浦
100%
東逗子
100%
逗子
100%
鎌倉
100%
北鎌倉
100%
戸塚
100%
東戸塚
100%
保土ケ谷
100%
新川崎
100%
武蔵小杉
100%
西大井
100%
新日本橋
100%
馬喰町
100%
石橋
100%
自治医大
100%
小金井
100%
小山
100%
間々田
100%
野木
100%
古河
100%
栗橋
100%
東鷲宮
100%
新白岡
100%
白岡
100%
東大宮
100%
土呂
100%
本郷台
100%
港南台
100%
洋光台
100%
新杉田
100%
磯子
100%
根岸
100%
山手
100%
石川町
100%
桜木町
100%
横浜
100%
大宮
100%
東京
100%
藤沢
100%
茅ケ崎
100%
雀宮
100%
塩尻
67%
下総松崎
67%
二戸
67%
七戸十和田
67%
佐倉
67%
酒々井
67%
物井
67%
君津
67%
五井
67%
八幡宿
67%
今井
67%
新潟
67%
武蔵五日市
67%
武蔵引田
67%
武蔵増戸
67%
秋川
67%
東秋留
67%
熊川
67%
拝島
67%
青梅
67%
東青梅
67%
福生
67%
西立川
67%
東我孫子
67%
新木
67%
布佐
67%
木下
67%
小林
67%
安食
67%
松本
67%
姉ケ崎
67%
長浦
67%
袖ケ浦
67%
千倉
67%
安房鴨川
67%
誉田
67%
長野原草津口
67%
勝浦
67%
大原
67%
成田
67%
成田空港
67%
東金
67%
榎戸
67%
八街
67%
成東
67%
大網
67%
本納
67%
茂原
67%
上総一ノ宮
67%
鹿島神宮
67%
浜野
67%
佐原
67%
銚子
67%
鎌取
67%
本千葉
67%
燕三条
67%
長岡
67%
浦佐
67%
越後湯沢
67%
植田
67%
勿来
67%
南中郷
67%
羽鳥
67%
船橋法典
67%
市川大野
67%
新八柱
67%
新松戸
67%
三郷
67%
新三郷
67%
吉川美南
67%
吉川
67%
越谷レイクタウン
67%
東川口
67%
西浦和
67%
東所沢
67%
新秋津
67%
新小平
67%
北府中
67%
府中本町
67%
初狩
67%
笹子
67%
甲斐大和
67%
勝沼ぶどう郷
67%
塩山
67%
甲府
67%
竜王
67%
塩崎
67%
穴山
67%
日野春
67%
日進
67%
宮原
67%
桶川
67%
北本
67%
岡部
67%
本庄
67%
神保原
67%
新町
67%
倉賀野
67%
高円寺
67%
武蔵境
67%
東小金井
67%
武蔵小金井
67%
国立
67%
日野
67%
西八王子
67%
高尾
67%
相模湖
67%
藤野
67%
上野原
67%
四方津
67%
梁川
67%
鳥沢
67%
猿橋
67%
大月
67%
小淵沢
67%
立川
67%
高崎
67%
安中
67%
横川
67%
高崎問屋町
67%
井野
67%
新前橋
67%
渋川
67%
前橋大島
67%
伊勢崎
67%
富田
67%
佐野
67%
熊谷
67%
本庄早稲田
67%
上毛高原
67%
安中榛名
67%
佐久平
67%
上田
67%
八丁堀
67%
越中島
67%
潮見
67%
新木場
67%
葛西臨海公園
67%
新浦安
67%
市川塩浜
67%
二俣新町
67%
南船橋
67%
新習志野
67%
幕張豊砂
67%
検見川浜
67%
稲毛海岸
67%
千葉みなと
67%
空港第2ビル
67%
新青森
33%
青森
33%
いわて沼宮内
33%
都賀
33%
巌根
33%
北上
33%
河辺
33%
小作
33%
羽村
33%
牛浜
33%
昭島
33%
中神
33%
東中神
33%
湖北
33%
四街道
33%
土気
33%
八積
33%
東松戸
33%
東山梨
33%
山梨市
33%
春日居町
33%
酒折
33%
韮崎
33%
新府
33%
長坂
33%
沼田
33%
駒形
33%
中之条
33%
No matching quizzes found
Score Distribution
Percent of People with Each Score
Percentile by Number Answered
Your Score History
You have not taken this quiz since the last reset